000 00464cam a2200157 4500
008 170221n 000 0 eng u
020 _a9780414052536
035 _a(Sirsi) a200942
050 _aKDK 502.A328 CON 2015
100 _aConroy, Brian
245 _aThe companies ACT 2014:
_An Annotation/
_cBrian Conroy
260 _aDublin:
_bCrowe Horth,
_c2015
300 _acxiii,1801p.
650 _aIreland, Companies Act 2014
650 _aCorporate law-Ireland
999 _c128610
_d128609